000 02411cam a22002174a 4500
005 20250605164331.0
008 250528s ||||||||||||||||||||||||d
035 _a23255
020 _a9789604612512
040 _aGR-AtMCL
_bgre
_dGR-AtMCL
_eAACR2
245 1 _aΠληροφοριακά Συστήματα Διοίκησης
250 _a
260 _bΚλειδάριθμος,
_c2009
300 _a626
520 _aΠρόλογος, Τα Πληροφοριακά Συστήματα στην Ψηφιακή Εποχή, Τα Επιχειριακά Πληροφοριακά Συστήματα στη Σταδιοδρομία σας, Η - Επιχειρείν: Πώς Χρησιμοποιούν οι Επιχειρήσεις τα Πληροφοριακά Συστήματα, Επίτευξη Ανταγωνιστικού Πλεονεκτήματος με Πληροφοριακά Συστήματα, Η Υποδομή της Τεχνολογίας Πληροφοριών, Υποδομή ΤΠ: Υλικό και Λογισμικό, Τα Θεμέλια της Επιχειρηματικής Ευφυΐας: Διαχείρηση Βάσων Δεδομένων και Πληροφοριών, Τηλεπικοινωνίες και Διαδίκτυο και Ασύρματη Τεχνολογία, Ασφάλεια των Πληροφοριακών Συστημάτων, Βασικές Εφαρμογές των Συστημάτων για την Ψηφιακή Εποχή, Επίτευξη Επικχειρησιακής Αριστείας και Σχέσεων με τους Πελάτες: Επιχειρησιακές Εφαρμογές, Η - Εμπόριο: Ψηφιακές Αγορές και Ψηφιακά Αγαθά, Βελτίωση της Λήψης Αποφάσων και Διαχείριση Γνώσεων, Ανάπτυξη ξκαι Διαχείριση Συστημάτων, Ανάπτυξη Πληροφοριακών Συστημάτων και Διαχείριση Έργων, Ηθικά και Κοινωνικά Ζητήματα σχετικά με τα Πληροφοριακά Συστήματα, Γλωσσάρι, Βιβλιογραφία, Λεξικό Όρων, Ευρετήριο Ονομάτων και Οργανισμών και Θεμάτων.
700 1 _aLaudon Jane P
_98505
700 1 _aLaudon Kenneth C
_91358
942 _cBK
999 _c8284
_d8284